Comedies of the Last 25 Years II Quiz Stats

 Plays Quiz Updated Jan 1, 2021

Support Sporcle.
Go Orange.
Score 0/25 Timer 08:00
2 Plays Today
% Correct
Austin Powers: International Man of Mystery
91.1%
Wedding Crashers
90.2%
Borat: Cultural Learnings of America for Make Benefit Glorious Nation of Kazakhstan
88.5%
Legally Blonde
87.6%
21 Jump Street
86%
Juno
85.7%
Bridesmaids
84.8%
Scary Movie
83.3%
The Nutty Professor
77.2%
Harold and Kumar Go to White Castle
75.5%
Zombieland
75.5%
Rush Hour
75.2%
Bad Moms
73.5%
% Correct
Office Space
72.5%
Bad Boys for Life
69.3%
Pineapple Express
65%
Old School
64%
Neighbors
62%
Scott Pilgrim vs. the World
59.3%
Barbershop
54.9%
Get Hard
54.9%
This is the End
51.5%
Night School
50.6%
Girls Trip
41.4%
Stan & Ollie
27.2%

You're not logged in!

Compare scores with friends on all Sporcle quizzes.
OR
Log In

From the Vault

The Office Character Confusion

by Michiel

If the Sporcle office embraced this much deception we'd never get anything done.
Remove Ads.
Support Sporcle.
Get the best of Sporcle when you Go Orange. This ad-free experience offers more features, more stats, and more fun while also helping to support Sporcle. Thank you for becoming a member.

Show Comments

Extras

Top Quizzes Today


Score Distribution

Your Account Isn't Verified!

In order to create a playlist on Sporcle, you need to verify the email address you used during registration. Go to your Sporcle Settings to finish the process.

Report this User

Report this user for behavior that violates our Community Guidelines.

Details: